000 03256nam a22001937a 4500
003 IT-RoPau
005 20220918175935.0
008 121123b xxu||||| |||| 00| 0 eng d
040 _cIT-RoPau
100 _aAlberione Giacomo
_qFondatore Famiglia Paolina
_919
245 _aPrediche del Rev. Primo Maestro.
_bGennaio - Dicembre 1955. Edizioni Paoline
250 _a1
260 _aRoma
_bFSP
_c1958
300 _a215 p.
_c17 cm
490 _aEdizioni Paoline
_v1
500 _aPrediche del Primo Maestro
520 _aIndice Conoscere,imitare,pregare il Divino Maestro pag. 5 I nostri doni al Maestro Bambino >> 11 Maria Mediatrice e Distributrice di grazia >> 18 7.o anniversario della morte di M.Giaccardo >> 24 Vestizione religiosa >> 28 Conversione di S. Paolo >> 31 La preghiera (I) >> 38 La preghiera (II) >> 46 La nostra missione - La Libreria >> 53 La propaganda collettiva (I) >> 60 La propaganda collettiva (II) >> 69 Il sacco del diavolo >> 77 Festa di S. Giuseppe >> 82 Ora di adorazione - Mercoledì Santo >> 87 Giovedì Santo >> 96 Venerdì Santo >> 101 Pasqua di Risurrezione >> 104 La nostra santificazione >> 109 Noviziato : Vita di perfezione >> 113 Fortezza >> 117 Stabilirsi in Dio >> 121 Vita comune >> 126 Il Maestro e le Maestre >> 131 Il Paradiso >> 136 La preghiera >> 139 Stato di preghiera >> 143 Difficoltà agli inizi di una nuova casa (I) >> 145 Difficoltà agli inizi di una nuova casa (II) >> 149 Ora di adorazione >> 153 Domenica fra l' ottava del Corpus Domini >> 159 Divisa delle Figlie di San Paolo: la carità >> 164 Condizioni per il vero progresso >> 169 Il Papa è Via, Verità e Vita >> 178 Vestizione >> 189 Il Peccato >> 193 Esame di coscienza >> 201 Maria è la nostra maestra spirituale >> 208
942 _2ddc
_cBK
999 _c37553
_d37553